Statistics for 5 States with the most opioid prescriptions per 100 people

Click here to take the quiz!

General Stats

  • This quiz has been taken 20 times
  • The average score is 4 of 5

Answer Stats

Answer% Correct
Most Opioid PrescriptionsAlabama,
100%
Most Opioid PrescriptionsMississippi.
88%
Most Opioid PrescriptionsTennessee
88%
Most Opioid PrescriptionsLouisiana
81%
Most Opioid PrescriptionsArkansas, ,
75%

Score Distribution

Percentile by Number Answered

Percent of People with Each Score

Your Score History

You have not taken this quiz